| 000 | 00753nam a2200205 i 4500 | ||
|---|---|---|---|
| 001 | 183524 | ||
| 003 | ES-MaACL | ||
| 005 | 20231105123747.0 | ||
| 008 | 140711s2001 sp a |||| ||spa d | ||
| 020 | _a84-932243-0-8 | ||
| 080 | _a821.134.2-14"19" | ||
| 100 | 1 |
_aLara, Felipe _c1945- _9154938 |
|
| 245 | 1 | 0 |
_aFilosofĂa del bien comĂșn y la igualdad con reparto _b: en textos y poemas de fuerza mayor para despertar las conciencias / _cFelipe Lara. |
| 260 |
_a[Humanes (Madrid)] : _bCNV, _cD. L. 2001. |
||
| 300 |
_a205 p. : _bil. ; _c21 cm. |
||
| 852 |
_aES-MaACL _jA-13136 _9190465 _bR.149920 _cDEPO1 _dOlim:N-6136 _hDonacion: del autor Felipe Lara |
||
| 903 |
_9154938 _aLara, Felipe _eaut |
||
| 942 | _2udc | ||
| 999 |
_c183524 _d183524 |
||